[Event "Nuremberg Zabo op 19th"]
[Site "Nuremberg"]
[Date "2017.09.16"]
[Round "2"]
[White "Faralisz, Patrick"]
[Black "Meifert, Dieter"]
[Result "1-0"]
[WhiteElo "1863"]
[BlackElo "1472"]
[PlyCount "55"]
[EventDate "2017.09.15"]
[EventType "swiss"]
[EventRounds "5"]
[EventCountry "GER"]
[SourceTitle "EXT 2022"]
[Source "ChessBase"]
[SourceDate "2021.10.06"]
[SourceVersion "1"]
[SourceVersionDate "2021.10.06"]
[SourceQuality "1"]

1. e4 e5 2. Nf3 Nc6 3. Bc4 Bc5 4. c3 Nf6 5. d3 d6 6. Nbd2 0-0 7. Bb3 Be6 8. 0-0 Ne7 9. Bxe6 fxe6 10. Ng5 Qd7 11. Qb3 d5 12. exd5 exd5 13. Nde4 Bb6 14. Nf3 Ng6 15. a4 Nxe4 16. dxe4 c6 17. c4 dxc4 18. Qxc4+ Kh8 19. Ra3 h6 20. a5 Bc7 21. Rd3 Qe7 22. a6 Bb6 23. axb7 Qxb7 24. Rd6 Ne7 25. Nxe5 Rac8 26. Rd7 Rc7 27. Rxe7 Rf6 28. Re8+ 1-0

[Event "Nuremberg Zabo op 17th"]
[Site "Nuremberg"]
[Date "2015.09.21"]
[Round "1"]
[White "Meifert, Dieter"]
[Black "Link, Andreas"]
[Result "0-1"]
[WhiteElo "1491"]
[BlackElo "1942"]
[PlyCount "40"]
[EventDate "2015.09.21"]
[EventType "swiss"]
[EventRounds "5"]
[EventCountry "GER"]
[SourceTitle "EXT 2018"]
[Source "ChessBase"]
[SourceDate "2017.10.13"]
[SourceVersion "1"]
[SourceVersionDate "2017.10.13"]
[SourceQuality "1"]

1. e4 c5 2. Nf3 d6 3. c3 Nf6 4. d3 g6 5. h3 Bg7 6. Be3 0-0 7. Be2 Nc6 8. 0-0 b6 9. Nh2 d5 10. exd5 Nxd5 11. Bf3 Bb7 12. Qe2 Qd7 13. Rd1 Rad8 14. Qd2 Qc7 15. Bh6 Bxh6 16. Qxh6 Qf4 17. Qxf4 Nxf4 18. d4 cxd4 19. cxd4 Nxd4 20. Bxb7 Nde2+ 0-1

[Event "Nuremberg Zabo op 15th"]
[Site "Nuremberg"]
[Date "2013.09.22"]
[Round "4"]
[White "Meifert, Dieter"]
[Black "Steinke, Christopher"]
[Result "1-0"]
[WhiteElo "1481"]
[BlackElo "1247"]
[PlyCount "69"]
[EventDate "2013.09.20"]
[EventType "swiss"]
[EventRounds "5"]
[EventCountry "GER"]
[SourceTitle "EXT 2016"]
[Source "ChessBase"]
[SourceDate "2015.10.08"]
[SourceVersion "1"]
[SourceVersionDate "2015.10.08"]
[SourceQuality "1"]

1. e4 g6 2. d4 Bg7 3. Nc3 d6 4. Be3 e5 5. d5 Ne7 6. Bc4 0-0 7. Qd2 f5 8. f4 Nd7 9. h3 Nf6 10. fxe5 dxe5 11. d6+ Kh8 12. dxe7 Qxe7 13. Bg5 f4 14. 0-0-0 h6 15. Nd5 Qd6 16. Bxf6 Bxf6 17. Qc3 b6 18. Nxf4 exf4 19. Rxd6 Bxc3 20. Rxg6 Bg7 21. Rc6 Bb7 22. Rxc7 Bxe4 23. Nf3 Rfd8 24. Nd2 Bxg2 25. Rg1 Re8 26. c3 Be5 27. Rf7 Bxh3 28. Rh1 Be6 29. Rxh6+ Kg8 30. Bxe6 Rf8 31. Re7+ Rf7 32. Rxf7 a5 33. Ra7+ Kf8 34. Rxa8+ Ke7 35. Bg4 1-0

[Event "GER-chT8 LH-23 Br2 email"]
[Site "GER email"]
[Date "2009.10.09"]
[Round "?"]
[White "Kunz, Harry"]
[Black "Meifert, Dieter"]
[Result "1/2-1/2"]
[WhiteElo "2055"]
[BlackElo "2127"]
[PlyCount "98"]
[EventDate "2009.10.15"]
[EventType "tourn (corr)"]
[EventRounds "8"]
[EventCountry "GER"]
[SourceTitle "Corr 2020"]
[Source "ChessBase"]
[SourceDate "2019.09.30"]
[SourceVersion "1"]
[SourceVersionDate "2019.09.30"]
[SourceQuality "1"]

1. e4 e5 2. Nf3 Nc6 3. d4 exd4 4. Nxd4 Nf6 5. Nxc6 bxc6 6. e5 Qe7 7. Qe2 Nd5 8. c4 Ba6 9. b3 g6 10. f4 d6 11. Bb2 Bg7 12. Qf2 Nf6 13. Be2 dxe5 14. fxe5 Nd7 15. 0-0 0-0 16. Nd2 Nxe5 17. Rae1 Rad8 18. Bc3 Rfe8 19. Bd1 Qd7 20. Bxe5 Bxe5 21. Nf3 Bc3 22. Rxe8+ Qxe8 23. Kh1 Bc8 24. Qxa7 Qd7 25. h3 Qe7 26. Ng1 c5 27. Bf3 Be6 28. Qa3 Qg5 29. Ne2 Bd2 30. Qb2 Be3 31. a4 Rd2 32. Qb1 Bf5 33. Qa1 Qh6 34. Ng1 Bd4 35. Qe1 Rd3 36. a5 Rxb3 37. Qe8+ Qf8 38. Qa4 Rb4 39. Qc6 Qc8 40. Bd5 Rb2 41. g4 Be6 42. Bxe6 Qxe6 43. Qxe6 fxe6 44. Ra1 Rb7 45. a6 Ra7 46. Ra2 Kf8 47. Nf3 Ke7 48. Kg2 Kd6 49. Kg3 Be5+ 1/2-1/2

[Event "GER-chT8 LH-23 Br2 email"]
[Site "GER email"]
[Date "2009.10.09"]
[Round "?"]
[White "Meifert, Dieter"]
[Black "Starke, Heiko"]
[Result "0-1"]
[WhiteElo "2127"]
[BlackElo "2228"]
[PlyCount "148"]
[EventDate "2009.10.15"]
[EventType "tourn (corr)"]
[EventRounds "8"]
[EventCountry "GER"]
[SourceTitle "Corr 2020"]
[Source "ChessBase"]
[SourceDate "2019.09.30"]
[SourceVersion "1"]
[SourceVersionDate "2019.09.30"]
[SourceQuality "1"]

1. e4 e5 2. Nf3 Nc6 3. Bb5 a6 4. Ba4 Nf6 5. 0-0 Be7 6. Re1 b5 7. Bb3 0-0 8. c3 d5 9. exd5 Nxd5 10. Nxe5 Nxe5 11. Rxe5 c6 12. d4 Bd6 13. Re1 Qh4 14. g3 Qh3 15. Bxd5 cxd5 16. Qf3 Bf5 17. Qxd5 Rae8 18. Bd2 Bf4 19. Rxe8 Rxe8 20. Qc6 Bd7 21. Qg2 Qh5 22. f3 Bc6 23. g4 Qg6 24. Bxf4 Re1+ 25. Kf2 Qc2+ 26. Bd2 Re8 27. d5 Bxd5 28. c4 Qxb2 29. cxd5 Qxa1 30. Qf1 Qd4+ 31. Kg3 h5 32. gxh5 Qxd5 33. a3 Qxh5 34. Qd3 Qe5+ 35. Kg2 Qe7 36. Bb4 Qg5+ 37. Kf2 Re6 38. Nd2 Qh4+ 39. Kg1 a5 40. Bd6 Re1+ 41. Nf1 Rc1 42. Kg2 Qc4 43. Qxc4 bxc4 44. Ng3 Rd1 45. Bc5 c3 46. Ne2 Rd2 47. Kf1 c2 48. Be3 Rd3 49. Kf2 Rxa3 50. Nc1 Rc3 51. Ke2 a4 52. Kd2 Rc8 53. Na2 f6 54. f4 Kf7 55. Kd3 Rh8 56. h4 Rxh4 57. Bc1 Rh3+ 58. Kxc2 Rh2+ 59. Kb1 Rf2 60. Nc3 a3 61. Bxa3 Rxf4 62. Kc2 Rf3 63. Bd6 f5 64. Ne2 g5 65. Kd2 Kg6 66. Ng1 Rb3 67. Ne2 Rh3 68. Ke1 Rd3 69. Bb8 Kh5 70. Bc7 Kg4 71. Kf2 f4 72. Bb6 Rf3+ 73. Kg1 Ra3 74. Bd8 Rd3 0-1

[Event "GER-ch41 V08 email"]
[Site "GER email"]
[Date "2009.05.10"]
[Round "?"]
[White "Meifert, Dieter"]
[Black "Bartsch, Andreas"]
[Result "1/2-1/2"]
[WhiteElo "2111"]
[BlackElo "1917"]
[PlyCount "37"]
[EventDate "2009.05.11"]
[EventType "tourn (corr)"]
[EventRounds "10"]
[EventCountry "GER"]
[SourceTitle "Corr 2011"]
[Source "ChessBase"]
[SourceDate "2010.08.31"]
[SourceVersion "1"]
[SourceVersionDate "2010.08.31"]
[SourceQuality "1"]

1. e4 c5 2. Nf3 d6 3. d4 cxd4 4. Nxd4 Nf6 5. Nc3 a6 6. Be3 e5 7. Nb3 Be6 8. Be2 Be7 9. Nd5 Bxd5 10. exd5 Nbd7 11. 0-0 0-0 12. c4 Ne8 13. Qd2 a5 14. Bd3 f5 15. f3 a4 16. Nc1 f4 17. Bf2 Bh4 18. Bxh4 Qxh4 19. Qb4 1/2-1/2

[Event "GER-ch41 V08 email"]
[Site "GER email"]
[Date "2009.05.04"]
[Round "?"]
[White "Frerichs, Manfred"]
[Black "Meifert, Dieter"]
[Result "1/2-1/2"]
[WhiteElo "2009"]
[BlackElo "2111"]
[PlyCount "64"]
[EventDate "2009.05.11"]
[EventType "tourn (corr)"]
[EventRounds "10"]
[EventCountry "GER"]
[SourceTitle "Corr 2011"]
[Source "ChessBase"]
[SourceDate "2010.08.31"]
[SourceVersion "1"]
[SourceVersionDate "2010.08.31"]
[SourceQuality "1"]

1. e4 e5 2. Nf3 Nc6 3. Bb5 a6 4. Bxc6 dxc6 5. 0-0 Bg4 6. h3 h5 7. d3 Qf6 8. Nbd2 Ne7 9. Re1 Ng6 10. d4 Nf4 11. hxg4 hxg4 12. g3 gxf3 13. Qxf3 Ne6 14. dxe5 Qh6 15. Nb3 g5 16. Be3 Bg7 17. Kf1 Bxe5 18. c3 Qh3+ 19. Ke2 g4 20. Qh1 0-0-0 21. Qxh3 Rxh3 22. Rh1 Rdh8 23. Rxh3 Rxh3 24. Rd1 Rh2 25. Nd4 Nxd4+ 26. Bxd4 Bxg3 27. Rg1 Bd6 28. Rxg4 c5 29. Bf6 Kd7 30. Rh4 Rg2 31. Rh7 Ke6 32. Rh6 Rg4 1/2-1/2

[Event "GER-ch41 V08 serv"]
[Site "GER email"]
[Date "2009.05.04"]
[Round "?"]
[White "Meifert, Dieter"]
[Black "Schilcher, Adrian"]
[Result "1/2-1/2"]
[WhiteElo "2111"]
[BlackElo "2184"]
[PlyCount "92"]
[EventDate "2009.05.11"]
[EventType "tourn (corr)"]
[EventRounds "10"]
[EventCountry "GER"]
[SourceTitle "Corr 2013"]
[Source "ChessBase"]
[SourceDate "2012.11.12"]
[SourceVersion "1"]
[SourceVersionDate "2012.11.12"]
[SourceQuality "1"]

1. e4 c5 2. Nf3 d6 3. d4 cxd4 4. Nxd4 Nf6 5. Nc3 a6 6. Bg5 e6 7. Qf3 h6 8. Bh4 Be7 9. 0-0-0 Qc7 10. Be2 Nbd7 11. Qe3 b5 12. a3 Bb7 13. f4 0-0 14. Kb1 Rac8 15. Rhg1 Rfe8 16. Bf3 Nb6 17. Qf2 Nc4 18. Rd3 Nd7 19. Bxe7 Rxe7 20. Nb3 Ndb6 21. Rc1 Ree8 22. Ka2 Qb8 23. Nd2 Nxd2 24. Qxd2 Nc4 25. Qe1 d5 26. exd5 Qxf4 27. dxe6 Rxe6 28. Qg1 Bxf3 29. Rxf3 Qb8 30. Rg3 Rd8 31. Rd1 Rxd1 32. Qxd1 Ne3 33. Qd3 Qe5 34. Qd7 b4 35. axb4 Nxc2 36. Rg4 Qd6 37. Qxd6 Rxd6 38. g3 g5 39. Rc4 f5 40. b5 axb5 41. Nxb5 Rd2 42. Rc3 Ne1 43. Kb3 Rxh2 44. Nd4 f4 45. gxf4 gxf4 46. Nf3 Nxf3 1/2-1/2

[Event "GER-ch41 V08 serv"]
[Site "GER email"]
[Date "2009.05.04"]
[Round "?"]
[White "Meifert, Dieter"]
[Black "Schorra, Helmut"]
[Result "1-0"]
[WhiteElo "2111"]
[BlackElo "2071"]
[PlyCount "91"]
[EventDate "2009.05.11"]
[EventType "tourn (corr)"]
[EventRounds "10"]
[EventCountry "GER"]
[SourceTitle "Corr 2013"]
[Source "ChessBase"]
[SourceDate "2012.11.12"]
[SourceVersion "1"]
[SourceVersionDate "2012.11.12"]
[SourceQuality "1"]

1. e4 c5 2. Nf3 d6 3. d4 cxd4 4. Nxd4 Nf6 5. Nc3 g6 6. Be3 Bg7 7. f3 Nc6 8. Qd2 0-0 9. 0-0-0 d5 10. Kb1 Nxd4 11. e5 Nf5 12. exf6 exf6 13. Nxd5 Nxe3 14. Qxe3 Be6 15. Bc4 f5 16. c3 Qh4 17. Bb3 Kh8 18. g3 Qh6 19. f4 a5 20. Nb6 Rae8 21. Qf3 g5 22. fxg5 Qxg5 23. Ba4 Rd8 24. Nd7 Rg8 25. Nc5 Qe7 26. Nxe6 fxe6 27. Qe2 Rgf8 28. Bc2 Rxd1+ 29. Rxd1 Qe8 30. Rd6 e5 31. Rb6 Qd8 32. Rb5 b6 33. a4 Qf6 34. Qf2 f4 35. gxf4 Qxf4 36. Qxb6 Qxh2 37. Qd6 Qe2 38. Rxa5 e4 39. Rd5 Rf1+ 40. Rd1 Rf2 41. Qd8+ Bf8 42. Qd4+ Bg7 43. Qxe4 Qxe4 44. Bxe4 Rf4 45. Rd8+ Bf8 46. Bc6 1-0

[Event "GER ML-327 email"]
[Site "GER email"]
[Date "2009.??.??"]
[Round "?"]
[White "Fabig, Holger"]
[Black "Meifert, Dieter"]
[Result "1/2-1/2"]
[WhiteElo "2060"]
[BlackElo "2032"]
[PlyCount "49"]
[EventDate "2008.??.??"]
[EventType "tourn (corr)"]
[EventRounds "6"]
[EventCountry "GER"]
[SourceTitle "Corr 2011"]
[Source "ChessBase"]
[SourceDate "2010.08.31"]
[SourceVersion "1"]
[SourceVersionDate "2010.08.31"]
[SourceQuality "1"]

1. e4 e5 2. d4 exd4 3. Nf3 Nc6 4. c3 d5 5. exd5 Qxd5 6. cxd4 Bb4+ 7. Nc3 Bg4 8. Be2 Bxf3 9. Bxf3 Qc4 10. Qb3 Qxb3 11. axb3 Nge7 12. 0-0 a6 13. Ra4 Bd6 14. Bg5 f6 15. Be3 0-0-0 16. g3 Rhe8 17. Kg2 Nf5 18. Be4 Nxe3+ 19. fxe3 Nb4 20. Rf3 h6 21. Bg6 Re7 22. Ne4 Nd5 23. Rc4 a5 24. Kf2 b6 25. Rc1 1/2-1/2

[Event "GER ML-326 email"]
[Site "GER email"]
[Date "2008.03.16"]
[Round "?"]
[White "Ax, Paul"]
[Black "Meifert, Dieter"]
[Result "1/2-1/2"]
[WhiteElo "2023"]
[BlackElo "2032"]
[PlyCount "32"]
[EventDate "2008.??.??"]
[EventType "tourn (corr)"]
[EventRounds "6"]
[EventCountry "GER"]
[SourceTitle "Corr 2011"]
[Source "ChessBase"]
[SourceDate "2010.08.31"]
[SourceVersion "1"]
[SourceVersionDate "2010.08.31"]
[SourceQuality "1"]

1. d4 d5 2. Nf3 Nf6 3. c4 e6 4. Nc3 c6 5. Bg5 Nbd7 6. cxd5 exd5 7. e3 Be7 8. Bd3 0-0 9. Qc2 Re8 10. 0-0-0 Nf8 11. h3 Be6 12. g4 Rc8 13. Kb1 Ne4 14. Bxe7 Nxc3+ 15. Qxc3 Qxe7 16. Rc1 Nd7 1/2-1/2

[Event "GER-ch40 V06 email"]
[Site "GER email"]
[Date "2008.??.??"]
[Round "?"]
[White "Bellmann, Herbert"]
[Black "Meifert, Dieter"]
[Result "1/2-1/2"]
[WhiteElo "2252"]
[BlackElo "2065"]
[PlyCount "38"]
[EventDate "2008.??.??"]
[EventType "tourn (corr)"]
[EventRounds "10"]
[EventCountry "GER"]
[SourceTitle "Corr 2011"]
[Source "ChessBase"]
[SourceDate "2010.08.31"]
[SourceVersion "1"]
[SourceVersionDate "2010.08.31"]
[SourceQuality "1"]

1. e4 e5 2. Nf3 Nc6 3. d4 exd4 4. Nxd4 Nf6 5. Nxc6 bxc6 6. e5 Qe7 7. Qe2 Nd5 8. c4 Nb6 9. Nc3 Qe6 10. Qe4 g6 11. Bd3 Bg7 12. f4 0-0 13. c5 Nd5 14. 0-0 d6 15. exd6 cxd6 16. Nxd5 cxd5 17. Qxe6 fxe6 18. cxd6 Rd8 19. Rb1 Rxd6 1/2-1/2

[Event "GER-ch40 V06 email"]
[Site "GER email"]
[Date "2008.??.??"]
[Round "?"]
[White "Heinke, Richard"]
[Black "Meifert, Dieter"]
[Result "1/2-1/2"]
[WhiteElo "2206"]
[BlackElo "2065"]
[PlyCount "85"]
[EventDate "2008.??.??"]
[EventType "tourn (corr)"]
[EventRounds "10"]
[EventCountry "GER"]
[SourceTitle "Corr 2011"]
[Source "ChessBase"]
[SourceDate "2010.08.31"]
[SourceVersion "1"]
[SourceVersionDate "2010.08.31"]
[SourceQuality "1"]

1. d4 Nf6 2. c4 e6 3. Nf3 d5 4. g3 dxc4 5. Bg2 Nc6 6. Qa4 Bd7 7. Qxc4 Na5 8. Qd3 c5 9. 0-0 Bc6 10. Nc3 Be7 11. Rd1 0-0 12. e4 Qb6 13. Be3 Rfd8 14. Ne5 Be8 15. Rac1 cxd4 16. Bxd4 Qb4 17. Qe3 Rac8 18. Rb1 Nc6 19. a3 Qa5 20. b4 Qc7 21. Nb5 Qb8 22. Nxc6 Rxc6 23. h3 b6 24. Nc3 e5 25. Nd5 Re6 26. Nxe7+ Rxe7 27. Ba1 Bc6 28. Rbc1 Rxd1+ 29. Rxd1 h6 30. Bb2 Qa8 31. f3 Ba4 32. Rc1 Qd8 33. Kh2 Ne8 34. Ba1 Bb5 35. h4 f6 36. Qb3+ Kh7 37. a4 Be2 38. Qe3 Bd1 39. a5 Rd7 40. Bc3 bxa5 41. bxa5 Rd3 42. Qf2 Nd6 43. Bb4 1/2-1/2

[Event "GER-chT KG-34 Br4 email"]
[Site "GER email"]
[Date "2008.??.??"]
[Round "?"]
[White "Kuehn, Juergen"]
[Black "Meifert, Dieter"]
[Result "1/2-1/2"]
[WhiteElo "1771"]
[BlackElo "2065"]
[PlyCount "51"]
[EventDate "2008.??.??"]
[EventType "tourn (corr)"]
[EventRounds "7"]
[EventCountry "GER"]
[SourceTitle "Corr 2011"]
[Source "ChessBase"]
[SourceDate "2010.08.31"]
[SourceVersion "1"]
[SourceVersionDate "2010.08.31"]
[SourceQuality "1"]

1. e4 e5 2. Nf3 Nc6 3. Bc4 Bc5 4. c3 Nf6 5. d3 0-0 6. 0-0 h6 7. d4 Bb6 8. dxe5 Ng4 9. Bf4 Qe8 10. Nbd2 Ncxe5 11. Qe2 Nxc4 12. Nxc4 d5 13. Nxb6 axb6 14. e5 f6 15. Qd2 c6 16. Rfe1 fxe5 17. Nxe5 Nxe5 18. Bxe5 Qf7 19. a4 Bf5 20. b3 Rae8 21. f3 Re7 22. Re3 Rd8 23. Rae1 c5 24. Qf2 Red7 25. R3e2 d4 26. cxd4 1/2-1/2

[Event "GER-ch40 V06 email"]
[Site "GER email"]
[Date "2008.??.??"]
[Round "?"]
[White "Meifert, Dieter"]
[Black "Egelhof, Hans Peter"]
[Result "1-0"]
[WhiteElo "2065"]
[BlackElo "2071"]
[PlyCount "103"]
[EventDate "2008.??.??"]
[EventType "tourn (corr)"]
[EventRounds "10"]
[EventCountry "GER"]
[SourceTitle "Corr 2011"]
[Source "ChessBase"]
[SourceDate "2010.08.31"]
[SourceVersion "1"]
[SourceVersionDate "2010.08.31"]
[SourceQuality "1"]

1. e4 d6 2. d4 Nf6 3. Nc3 g6 4. Be3 Bg7 5. f3 c6 6. Qd2 Nbd7 7. Bd3 Qc7 8. Nge2 e5 9. 0-0 0-0 10. a4 exd4 11. Bxd4 Ne5 12. f4 Nxd3 13. cxd3 Qd8 14. f5 gxf5 15. exf5 h6 16. Rf4 Nh5 17. Bxg7 Kxg7 18. f6+ Nxf6 19. Ng3 Ng8 20. Raf1 f5 21. Nd1 Ne7 22. Ne3 Kh7 23. Rh4 Ng8 24. Rh5 Qf6 25. Nexf5 Qg6 26. Qb4 Rf7 27. Rf3 Bxf5 28. Rhxf5 Rg7 29. R5f4 Re8 30. Qd2 Qe6 31. Rf1 b6 32. Qc2 c5 33. d4+ Kh8 34. Nf5 Rg6 35. Qc3 cxd4 36. Rxd4 Qe5 37. Nxd6 Qe3+ 38. Qxe3 Rxe3 39. h3 Ne7 40. Rd2 Ree6 41. Rf8+ Rg8 42. Rxg8+ Kxg8 43. Nc4 Rc6 44. b3 a6 45. Rd7 b5 46. axb5 axb5 47. Nd6 Rc1+ 48. Kf2 Rc2+ 49. Kf1 Rd2 50. Rxe7 Rxd6 51. Re5 Rb6 52. b4 1-0